War, peace, and international politics / (Record no. 542576)

000 -LEADER
fixed length control field 00573cam a2200193 a 4500
020 ## - INTERNATIONAL STANDARD BOOK NUMBER
International Standard Book Number 0673525015
082 00 - DEWEY DECIMAL CLASSIFICATION NUMBER
Classification number 327.109
Author Mark ZIE
-- N-01, P-39
100 1# - MAIN ENTRY--PERSONAL NAME
Personal name Ziegler, David W.
9 (RLIN) 37796
245 10 - TITLE STATEMENT
Title War, peace, and international politics /
Statement of responsibility, etc. David W. Ziegler.
250 ## - EDITION STATEMENT
Edition statement 7th ed.
260 ## - PUBLICATION, DISTRIBUTION, ETC.
Place of publication, distribution, etc. New York :
Name of publisher, distributor, etc. Longman,
Date of publication, distribution, etc. c1997.
300 ## - PHYSICAL DESCRIPTION
Extent xii, 355 p. :
Other physical details maps ;
Dimensions 24 cm.
526 ## - STUDY PROGRAM INFORMATION NOTE
Program name 0
Interest level 0
Reading level 0
Title point value 327_109000000000000_ZIE
650 #0 - SUBJECT ADDED ENTRY--TOPICAL TERM
Topical term or geographic name entry element International relations.
650 #0 - SUBJECT ADDED ENTRY--TOPICAL TERM
Topical term or geographic name entry element NUST
9 (RLIN) 6342
650 #0 - SUBJECT ADDED ENTRY--TOPICAL TERM
Topical term or geographic name entry element Peace.
9 (RLIN) 2018
650 #0 - SUBJECT ADDED ENTRY--TOPICAL TERM
Topical term or geographic name entry element War (International law)
9 (RLIN) 8463
942 ## - ADDED ENTRY ELEMENTS (KOHA)
Source of classification or shelving scheme
Koha item type Book
Holdings
Withdrawn status Lost status Source of classification or shelving scheme Damaged status Not for loan Permanent Location Current Location Date acquired Total Checkouts Full call number Barcode Date last seen Date last checked out Price effective from Koha item type
          Military College of Engineering (MCE) Military College of Engineering (MCE) 02/03/2014 2 327.109 ZIE MCE-44308 01/02/2020 12/03/2019 02/03/2014 Book
© 2023 Central Library, National University of Sciences and Technology. All Rights Reserved.